000 00449nam a2200169 a 4500
001 0000-8704
003 ELIB.Books
008 110520 1966
035 _a(ELIB.Books)0000-8850
082 _a251
_bAus
100 _aAustin, William
245 _aThe Zondervan Pastor's Annual for 1967.
260 _bGrand Rapids: Zondervan Publishing House
_c1966
650 _aPreaching
942 _2ddc
_cBK
998 _cbat
_e2011-05-20
999 _c8704
_d8704